Daňové princípy a ich uplatnenie v daňovom systéme SR bakalárska práca

Enregistré dans:
Détails bibliographiques
Auteur principal: Sisková, Katarína
Collectivité auteur: Fakulta podnikového manažmentu EU. Katedra podnikových financií
Autres auteurs: Ďurinová, Ivona, 1964-
Format: Livre
Langue:slovaque
Publié: Bratislava 2018
Tags: Ajouter un tag
Pas de tags, Soyez le premier à ajouter un tag!

MARC

LEADER 00000nbm a2200000 4500
001 0244821
005 20180927103638.2
041 0 |a slo 
044 |a SK 
245 1 0 |a Daňové princípy a ich uplatnenie v daňovom systéme SR  |b bakalárska práca  |c Katarína Sisková ; školiteľ: Ivona Ďurinová 
264 1 |a Bratislava  |c 2018 
300 |a 43 s. 
100 1 |a Sisková, Katarína 
700 1 |a Ďurinová, Ivona, 1964- 
710 2 |a Fakulta podnikového manažmentu EU. Katedra podnikových financií